000 00488nam a2200169Ia 4500
008 230718s9999 xx 000 0 und d
041 _aeng
082 _a428.0076
_bHAM
100 _aHamp-Lyons L.
245 _aStudy Writing:
_bA Course In Writing Skills For Academic Purposes
250 _a2nd Ed.
260 _c2008
_bCambridge University Press
300 _a213
365 _cRs.
_b210.00
700 _aHamp-Lyons L.
906 _dO:0112527-Sep-2010B:535710-Sep-2010
_cGENRL
_b157.5
999 _c325897
_d325897